This or That: The Good the Bad and the Ugly Quiz Stats

 Plays Quiz not verified by Sporcle

Support Sporcle.
Go Orange.
Score 0/12 Timer 05:00
0 Plays Today
A Type A or B % Correct
Was the third movie in the Man with No Name Trilogy???
86.8%
Directed by Ennio Morricone and scored by Sergio Leone???
82.6%
They are after $1,000,000 in gold???
79.2%
The movie was primarily filmed in New Mexico and Arizona???
78.1%
Tuco uses the alias Bill Carson in the POW camp???
74.7%
Tuco's full name is Tuco Francisco Juan Luis Pedro Ramírez???
68.1%
The main trio's other Westerns: True Grit,The Man Who Shot Liberty Valance and Once Upon a Time in the West???
68.1%
Angel Eyes (The Bad) is a sergeant in the Union Army???
66%
The note Angel Eyes leaves for Blondie and Tuco reads: 'See you soon, idiots'???
62.8%
Blondie kills more people in the film than the other two???
59.7%
One of the main three actors come from what would then be considered the 'Old West' - west of the Mississippi???
56.9%
The movie runs over three hours long???
51.7%

You're not logged in!

Compare scores with friends on all Sporcle quizzes.
OR
Log In

From the Vault

Ryan Gosling Movies

by LaFleur

Hey Girl, we hear you like Ryan Gosling movies, so we made you this special quiz.
Remove Ads.
Support Sporcle.
Get the best of Sporcle when you Go Orange. This ad-free experience offers more features, more stats, and more fun while also helping to support Sporcle. Thank you for becoming a member.

Show Comments

Extras

Top Quizzes Today


Score Distribution

Your Account Isn't Verified!

In order to create a playlist on Sporcle, you need to verify the email address you used during registration. Go to your Sporcle Settings to finish the process.

Report this User

Report this user for behavior that violates our Community Guidelines.

Details: